Comuni della Provincia di Siracusa (con mappa) - Statistics

Statistiche generali
  • Questo quiz è stato fatto 49 volte
  • Il punteggio medio è 17 su 21
Risposte nella Mappa
Le risposte nella mappa del quiz sottostante sono codificate secondo una scala di colori dal rosso al verde in base alla % di persone che hanno risposto correttamente.
 
Statistiche sulle risposte
Risposta % Corretto
Augusta
100%
Avola
100%
Lentini
100%
Noto
100%
Siracusa
100%
Pachino
90%
Carlentini
85%
Melilli
85%
Rosolini
85%
Floridia
80%
Canicattini Bagni
75%
Palazzolo Acreide
75%
Portopalo di Capo Passero
75%
Ferla
70%
Francofonte
70%
Sortino
70%
Priolo Gargallo
65%
Solarino
65%
Buscemi
60%
Buccheri
55%
Cassaro
50%
Nessun quiz corrispondente trovato
Distribuzione punteggi
Percentuale di utenti per punteggio
Percentile per numero di risposta
I tuoi punteggi nel tempo
Non hai fatto questo quiz